000 00631nam a2200205Ia 4500
003 LDD
008 181029s9999 xx 000 0 und d
020 _a9780387986128
_cE89.95
040 _cLDD
100 _aBluman, George W.
245 0 _aApplications of symmetry methods to partial differential equations
_cGeorge W. Bluman
260 _aNew York
_bSpringer
_c2010
300 _axix, 398p.
365 _bE 89.95
440 _aApplied mathematical sciences
901 _a10836
_b05-03-2013
902 _a4892
_b08-05-2013
_cF
_dPUJA
_e51
903 _aDiscount-15
_bReqst by : Poornima Mital
942 _2ddc
_cBK
999 _c109368
_d109368